[Event "IX EICC"]
[Site "Plovdiv BUL"]
[Date "2008.04.27"]
[Round "7"]
[White "Milovic,J"]
[Black "Ljangov,P"]
[Result "1/2-1/2"]
[WhiteElo "2280"]
[BlackElo "2192"]
[EventDate "2008.04.21"]

1. d4 e6 2. Nf3 Nf6 3. Bg5 Be7 4. c4 b6 5. Nc3 Bb7 6. d5 Nxd5 7. Nxd5 exd5
8. Bxe7 Qxe7 9. Qd4 Qb4+ 10. Nd2 O-O 11. O-O-O dxc4 12. a3 Qe7 13. Nxc4 d6
14. h4 Nc6 15. Qc3 Ne5 16. Ne3 Qe6 17. h5 h6 18. Rh3 f5 19. Nc2 c5 20. e3
Kh8 21. Rg3 Be4 22. Ne1 Qf6 23. f3 f4 24. Rh3 Bh7 25. e4 Nc6 26. Ba6 Qxc3+
27. bxc3 Rad8 28. Rh4 Ne5 29. Nd3 Nxd3+ 30. Rxd3 Bg8 31. c4 Be6 32. Kc2 Kg8
33. Kc3 Rd7 34. Bb5 Rdd8 35. Bc6 Kh7 36. Rh1 g6 37. hxg6+ Kxg6 38. Rhd1 Kf6
39. Rxd6 Rxd6 40. Rxd6 Ke5 41. Rd1 Rg8 42. Rh1 Rxg2 43. Rh5+ Rg5 44. Rxh6
Rg3 45. Rh5+ Kd6 46. Bd5 Rxf3+ 47. Kd2 Rh3 48. e5+ Ke7 49. Rg5 Rg3 50. Rh5
Rh3 51. Rg5 Rg3 52. Rh5 Rh3 53. Rg5 Rg3 54. Rh5 1/2-1/2

[Event "IX EICC"]
[Site "Plovdiv BUL"]
[Date "2008.04.27"]
[Round "7"]
[White "Hagesaether,A"]
[Black "Fragakis,E"]
[Result "1-0"]
[WhiteElo "2181"]
[BlackElo "2133"]
[EventDate "2008.04.21"]

1. e4 c5 2. Nc3 Nc6 3. f4 g6 4. Bb5 Bg7 5. Nf3 d6 6. O-O a6 7. Bxc6+ bxc6
8. d3 Rb8 9. Qe1 Bg4 10. Ng5 h6 11. Nf3 Rb7 12. f5 Bxf3 13. Rxf3 g5 14. b3
Bd4+ 15. Kh1 Nf6 16. Bd2 Nd7 17. Rd1 Bf6 18. Ne2 h5 19. Rf1 Ne5 20. Ng1 g4
21. Bf4 h4 22. c3 c4 23. Bxe5 Bxe5 24. d4 Bg3 25. Qe2 cxb3 26. Rb1 Qa5 27.
Rxb3 Rxb3 28. axb3 h3 29. hxg3 h2 30. Nf3 gxf3 31. Qxf3 Qa3 32. e5 Kd7 33.
c4 Qb2 34. exd6 exd6 35. d5 Re8 36. dxc6+ Kc7 37. Qd5 Qe2 38. Ra1 Qb2 39.
Qxf7+ Kb6 40. Qb7+ Kc5 41. Rd1 1-0

[Event "IX EICC"]
[Site "Plovdiv BUL"]
[Date "2008.04.27"]
[Round "7"]
[White "Arnaudov,P"]
[Black "Stavrianakis,I"]
[Result "1-0"]
[WhiteElo "2162"]
[BlackElo "2121"]
[EventDate "2008.04.21"]

1. c4 e6 2. Nf3 Nf6 3. g3 d5 4. Bg2 dxc4 5. Na3 Qd5 6. O-O Nbd7 7. Qa4 Bxa3
8. bxa3 O-O 9. Bb2 Nb6 10. Qc2 Rd8 11. Ne5 Qc5 12. d4 Qb5 13. Rab1 Ne8 14.
Ba1 Qa6 15. Rfc1 Nd6 16. e4 Qxa3 17. Qe2 c6 18. Bc3 Qa6 19. Qh5 Bd7 20. Ng4
f6 21. e5 Be8 22. Qh3 fxe5 23. Nxe5 Nd5 24. Qxe6+ Bf7 25. Qg4 Nf6 26. Qf4
Bd5 27. f3 Nf7 28. g4 Nd7 29. Qe3 Re8 30. Bf1 b5 31. f4 Qb6 32. Qf2 Nfxe5
33. dxe5 Qxf2+ 34. Kxf2 a5 35. a3 g5 36. Re1 gxf4 37. g5 Nc5 38. Rbd1 Ne4+
39. Rxe4 Bxe4 40. Rd7 Rad8 41. e6 Bg6 42. Bf6 Rb8 43. Rg7+ Kf8 44. e7+ Rxe7
45. Rxe7 Bf7 46. Rc7 Bd5 47. Rxh7 b4 48. Rh8+ Bg8 49. Bxc4 1-0

[Event "IX EICC"]
[Site "Plovdiv BUL"]
[Date "2008.04.27"]
[Round "7"]
[White "Kakkanas,E"]
[Black "Bozinovic,Bob"]
[Result "1/2-1/2"]
[WhiteElo "2058"]
[BlackElo "2134"]
[EventDate "2008.04.21"]

1. d4 c5 2. Nf3 Nf6 3. g3 cxd4 4. Nxd4 Nc6 5. Bg2 g6 6. O-O Bg7 7. c4 Qb6
8. Nb3 d6 9. Nc3 Be6 10. Be3 Qc7 11. Nb5 Qb8 12. N3d4 Bd7 13. Rc1 O-O 14.
c5 d5 15. Nc3 Nxd4 16. Qxd4 e5 17. Qh4 d4 18. Bg5 dxc3 19. Bxf6 cxb2 20.
Rb1 Bc6 21. Rxb2 Bxg2 22. Kxg2 Qc7 23. Bxg7 Kxg7 24. Qe4 1/2-1/2

[Event "IX EICC"]
[Site "Plovdiv BUL"]
[Date "2008.04.27"]
[Round "7"]
[White "Kostopoulos,E"]
[Black "Nitelea,B"]
[Result "1-0"]
[WhiteElo "2152"]
[BlackElo "2090"]
[EventDate "2008.04.21"]

1. d4 Nf6 2. c4 e6 3. Nc3 Bb4 4. a3 Bxc3+ 5. bxc3 b6 6. f3 Ba6 7. e4 Nc6 8.
e5 Ng8 9. Qa4 Na5 10. Nh3 Ne7 11. Bd3 O-O 12. O-O h6 13. Nf2 d6 14. f4 Qe8
15. Qb4 c5 16. Qb1 dxe5 17. fxe5 Bxc4 18. Bxc4 Nxc4 19. Qd3 Na5 20. Ne4 Nb3
21. Bxh6 Nxa1 22. Bxg7 f5 23. exf6 Nb3 24. Bxf8 Nf5 25. Rxf5 Kxf8 26. Rg5
Qd7 27. Qh3 e5 28. Qxd7 1-0

[Event "IX EICC"]
[Site "Plovdiv BUL"]
[Date "2008.04.27"]
[Round "7"]
[White "Aristotelous,V"]
[Black "Ivanov L.,S"]
[Result "1/2-1/2"]
[WhiteElo "1954"]
[BlackElo "2129"]
[EventDate "2008.04.21"]

1. e4 c5 2. Nc3 d6 3. f4 Nc6 4. Bb5 e6 5. Bxc6+ bxc6 6. Nf3 d5 7. d3 Nf6 8.
O-O Be7 9. e5 Nd7 10. Ne2 O-O 11. c4 Qc7 12. Qe1 f6 13. Qg3 fxe5 14. fxe5
Rf5 15. Bh6 Bf8 16. Bf4 g6 17. Nh4 Rf7 18. Rae1 Bg7 19. Nf3 Rf5 20. Nh4 Rf7
21. Nf3 1/2-1/2

[Event "IX EICC"]
[Site "Plovdiv BUL"]
[Date "2008.04.27"]
[Round "7"]
[White "Rigopoulos Tsigkos,A"]
[Black "Petrusic,T"]
[Result "0-1"]
[WhiteElo "1980"]
[BlackElo "1956"]
[EventDate "2008.04.21"]

1. e4 e6 2. d4 d5 3. Nd2 c5 4. Ngf3 Nf6 5. e5 Nfd7 6. c3 Nc6 7. Bd3 f6 8.
Ng5 Ndxe5 9. dxe5 fxg5 10. Qh5+ Kd7 11. Nf3 Be7 12. O-O g6 13. Qg4 h5 14.
Qa4 g4 15. Nd2 g5 16. Bb5 Qb6 17. b4 a6 18. Bxc6+ Qxc6 19. Qd1 b6 20. Ne4
d4 21. Nxg5 Bb7 22. f3 Rhg8 23. h4 Raf8 24. Rf2 gxf3 25. g3 Kc8 26. cxd4
cxd4 27. Ba3 Qb5 28. Qxd4 Rd8 29. Rc1+ Kb8 30. Qe3 Rd3 31. Qf4 Rxa3 32.
Nxe6 Qxb4 33. Qf7 Rxg3+ 0-1

[Event "IX EICC"]
[Site "Plovdiv BUL"]
[Date "2008.04.29"]
[Round "8"]
[White "Nyback,T"]
[Black "Volkov,Sergey1"]
[Result "0-1"]
[WhiteElo "2587"]
[BlackElo "2633"]
[EventDate "2008.04.21"]

1. e4 e6 2. d4 d5 3. Nc3 Nf6 4. e5 Nfd7 5. f4 c5 6. Nf3 Nc6 7. Be3 Qb6 8.
Na4 Qa5+ 9. c3 b6 10. Bd2 c4 11. b4 Qa6 12. a3 Be7 13. g3 f5 14. exf6 gxf6
15. f5 e5 16. Bh3 Bb7 17. O-O O-O-O 18. Rb1 b5 19. Nc5 Nxc5 20. bxc5 Rhe8
21. Re1 Bf8 22. Qc1 Na5 23. Qb2 Nb3 24. Be3 Bxc5 25. dxc5 d4 26. cxd4 Bxf3
27. dxe5 Rxe5 28. Bf4 Rxe1+ 29. Rxe1 Nxc5 30. Qf2 Qc6 31. Bf1 Bd5 32. Re7
Rd7 33. Re8+ Kb7 34. Qb2 Na4 35. Qf2 Qc5 36. Rb8+ Ka6 37. Be3 Qxa3 38. Qf4
Qd6 39. Qxd6+ Rxd6 40. Rh8 b4 41. Rxh7 b3 42. Rxa7+ Kb5 0-1

[Event "IX EICC"]
[Site "Plovdiv BUL"]
[Date "2008.04.29"]
[Round "8"]
[White "Laznicka,V"]
[Black "Kovacevic,A"]
[Result "1-0"]
[WhiteElo "2578"]
[BlackElo "2616"]
[EventDate "2008.04.21"]

1. d4 Nf6 2. c4 e6 3. g3 c5 4. d5 d6 5. Nc3 exd5 6. cxd5 g6 7. Bg2 Bg7 8.
Nf3 O-O 9. O-O Nbd7 10. Nd2 Nh5 11. Nc4 Nb6 12. Nxb6 Qxb6 13. e4 Bd7 14. a4
Qb4 15. h3 Qd4 16. g4 Qxd1 17. Nxd1 Nf6 18. Ne3 Rfe8 19. f3 b5 20. axb5
Bxb5 21. Rd1 Nd7 22. Bf1 a6 23. Kg2 Ne5 24. Ra2 Bh6 25. Kg3 Bxf1 26. Nxf1
Bxc1 27. Rxc1 f5 28. exf5 gxf5 29. Rc3 fxg4 30. hxg4 Reb8 31. Ne3 Rb4 32.
Nf5 Rb6 33. f4 Nd7 34. g5 Re8 35. Rca3 Nb8 36. Kg4 Re4 37. Re3 Rxe3 38.
Nxe3 Rb3 39. Nf5 Kf8 40. Nxd6 Rd3 41. Ne4 Rxd5 42. Nf6 Rd4 43. Nxh7+ Kg7
44. Nf6 Kg6 45. Ra5 Rc4 46. Ra1 Rb4 47. Rh1 Nc6 48. Rh6+ Kg7 49. Nh5+ 1-0

[Event "IX EICC"]
[Site "Plovdiv BUL"]
[Date "2008.04.29"]
[Round "8"]
[White "Markus,Rob"]
[Black "Hracek,Z"]
[Result "0-1"]
[WhiteElo "2557"]
[BlackElo "2613"]
[EventDate "2008.04.21"]

1. d4 Nf6 2. Nf3 e6 3. g3 b5 4. Bg2 d5 5. Ne5 Bb7 6. Bg5 Be7 7. Nd2 Nbd7 8.
Nd3 c5 9. Bxf6 Bxf6 10. dxc5 Qc7 11. Nb3 O-O 12. a4 Bc6 13. axb5 Bxb5 14.
O-O Rab8 15. c3 Bxd3 16. exd3 Nxc5 17. Nxc5 Qxc5 18. d4 Qc4 19. Qd2 Qb3 20.
Rfb1 Rfc8 21. Bf3 a5 22. h4 Bd8 23. Kg2 Qc4 24. Rc1 Qc7 25. Rc2 Qe7 26.
Rac1 Qc7 27. Qe2 Qc4 28. Qxc4 Rxc4 29. Ra1 Kf8 30. Kf1 Rc6 31. Ke2 Rcb6 32.
Rxa5 Rxb2 33. Ra2 Rxc2+ 34. Rxc2 Rb3 35. c4 dxc4 36. Rxc4 Rb2+ 37. Kf1 Bb6
38. Be2 Ke7 39. Bd3 g6 40. h5 gxh5 41. Bxh7 Kf6 42. Be4 Kg5 43. Bc2 Bxd4
44. Rxd4 Rxc2 45. Rd8 Kf6 46. Kg2 Kg7 47. Re8 Rc4 48. Kh3 Rc2 49. Kg2 Ra2
50. Re7 Ra8 51. Rb7 Kg6 52. Re7 Kf6 53. Rb7 e5 54. Rb6+ Kf5 55. Rb7 f6 56.
Rh7 Kg6 57. Re7 Rh8 58. Kh3 Kf5 59. Rf7 Rh6 60. Ra7 Ke4 61. Kg2 Rg6 62.
Ra4+ Kf5 63. Kf3 Rg4 64. Ra8 h4 65. gxh4 Rxh4 66. Rf8 e4+ 67. Ke2 Rh3 68.
Kf1 Ra3 69. Kg2 Ke5 70. Re8+ Kf4 71. Rf8 f5 72. Rh8 Ra2 73. Re8 Rb2 74. Re7
Re2 75. Ra7 Kg5 76. Kf1 Rd2 77. Re7 Rd4 78. Ke2 f4 79. Re8 Ra4 80. Rg8+ Kf5
81. Rf8+ Ke5 82. Re8+ Kd4 83. Rd8+ Kc3 84. Rc8+ Kd4 85. Rd8+ Kc5 86. Rc8+
Kd6 87. Kf1 Ra2 88. Rd8+ Ke5 89. Re8+ Kf5 90. Ke1 Kg4 91. Rxe4 Kf3 92. Rb4
Ra1+ 93. Kd2 Rf1 94. Ra4 Rxf2+ 95. Ke1 Rb2 96. Rc4 Ra2 97. Rb4 Ra1+ 98. Kd2
Kg3 99. Rb7 f3 0-1

[Event "IX EICC"]
[Site "Plovdiv BUL"]
[Date "2008.04.29"]
[Round "8"]
[White "Kryvoruchko,Y"]
[Black "Vuckovic,Bo"]
[Result "1-0"]
[WhiteElo "2612"]
[BlackElo "2556"]
[EventDate "2008.04.21"]

1. e4 c5 2. Nf3 Nc6 3. d4 cxd4 4. Nxd4 Nf6 5. Nc3 e5 6. Ndb5 d6 7. Bg5 a6
8. Na3 b5 9. Nd5 Be7 10. Bxf6 Bxf6 11. c3 Bg5 12. Nc2 O-O 13. a4 bxa4 14.
Rxa4 a5 15. Bc4 Bd7 16. O-O Ne7 17. Ra3 Kh8 18. Qe2 Rb8 19. b4 Nxd5 20.
Bxd5 axb4 21. Nxb4 Qc8 22. Rfa1 Bd8 23. Qe1 f5 24. exf5 Bxf5 25. Nc6 Rb6
26. Ra8 Qb7 27. Nb4 Qe7 28. R1a7 Qf6 29. Rf7 Rxf7 30. Bxf7 Rxb4 31. cxb4 g5
32. Bd5 Kg7 33. Qe3 Bg6 34. h3 Be7 35. Ra7 Kh6 36. b5 Bd8 37. Ra8 e4 38.
Bxe4 1-0

[Event "IX EICC"]
[Site "Plovdiv BUL"]
[Date "2008.04.29"]
[Round "8"]
[White "Khairullin,I"]
[Black "Kritz,L"]
[Result "1-0"]
[WhiteElo "2554"]
[BlackElo "2609"]
[EventDate "2008.04.21"]

1. e4 e5 2. Nf3 Nc6 3. Bb5 Nf6 4. O-O Nxe4 5. d4 Nd6 6. Bxc6 dxc6 7. dxe5
Nf5 8. Qxd8+ Kxd8 9. Nc3 Ke8 10. h3 Be7 11. Rd1 Nh4 12. Nxh4 Bxh4 13. g4
Be7 14. Kg2 h5 15. f3 a5 16. Ne2 a4 17. Nd4 Ra5 18. Bf4 hxg4 19. hxg4 Rd5
20. c4 Rd8 21. b3 Bc5 22. Be3 Bxd4 23. Bxd4 Be6 24. Kg3 Rh7 25. Be3 f6 26.
Rxd8+ Kxd8 27. exf6 gxf6 28. Bd4 Rh6 29. Re1 Kd7 30. f4 axb3 31. axb3 b5
32. f5 Bg8 33. Rd1 Kc8 34. Re1 Kd7 35. Rd1 Kc8 36. Ra1 Kb7 37. cxb5 cxb5
38. Ra7+ Kb8 39. b4 Bd5 40. Ra6 c6 41. Ra7 Kc8 42. Bb6 Rh1 43. Rc7+ Kb8 44.
Rg7 Rb1 45. Bc5 Rb3+ 46. Kh4 Bg2 47. Kh5 Kc8 48. Kg6 Rg3 49. Kxf6 Bh3 50.
Ke7 Bxg4 51. f6 Rg2 52. f7 Re2+ 53. Kf6 1-0

[Event "IX EICC"]
[Site "Plovdiv BUL"]
[Date "2008.04.29"]
[Round "8"]
[White "Gustafsson,J"]
[Black "Kharitonov,Alexandr"]
[Result "1-0"]
[WhiteElo "2603"]
[BlackElo "2526"]
[EventDate "2008.04.21"]

1. d4 d5 2. c4 c6 3. Nf3 Nf6 4. Nc3 dxc4 5. a4 e6 6. e3 c5 7. Bxc4 Nc6 8.
O-O Be7 9. Qe2 cxd4 10. Rd1 O-O 11. Nxd4 Qc7 12. Nxc6 bxc6 13. a5 e5 14. e4
Rb8 15. h3 Bc5 16. Na4 Bd4 17. Be3 Bxe3 18. Qxe3 Qxa5 19. Nc5 Qc7 20. Qa3
a6 21. Qc3 Nd7 22. b4 Re8 23. Nxd7 Bxd7 24. Rxa6 Qb7 25. Rd6 Qc7 26. Rd3
Qb7 27. Ra5 Be6 28. Rxe5 Qxb4 29. Bxe6 fxe6 30. Qxb4 Rxb4 31. Rd6 Rc4 32.
Rdxe6 Rxe6 33. Rxe6 Kf7 34. Re5 Kf6 35. f4 h6 36. h4 Rc2 37. Kh2 Rc3 38. g3
Rc2+ 39. Kh3 Re2 40. g4 Re3+ 41. Kg2 Kf7 42. f5 c5 43. g5 hxg5 44. hxg5 c4
45. Kf2 Rh3 46. Rc5 c3 47. Rc7+ Kf8 48. g6 Rd3 49. Ke2 Rg3 50. Rf7+ Kg8 51.
e5 c2 52. Rc7 Kf8 53. Rxc2 Rg5 54. Rc8+ Ke7 55. Rc7+ 1-0

[Event "IX EICC"]
[Site "Plovdiv BUL"]
[Date "2008.04.29"]
[Round "8"]
[White "Shanava,K"]
[Black "Kempinski,R"]
[Result "0-1"]
[WhiteElo "2519"]
[BlackElo "2595"]
[EventDate "2008.04.21"]

1. e4 c5 2. Nc3 a6 3. f4 b5 4. Nf3 Bb7 5. d3 e6 6. g3 Nf6 7. Bg2 b4 8. Ne2
Be7 9. O-O O-O 10. h3 d5 11. e5 Nfd7 12. g4 Nc6 13. Ng3 a5 14. Qe2 Qc7 15.
Re1 Nd4 16. Qf2 a4 17. Be3 Nxf3+ 18. Qxf3 f6 19. exf6 Bxf6 20. Rab1 a3 21.
b3 Bh4 22. Bd2 e5 23. Rf1 g6 24. Ne2 e4 25. dxe4 Ne5 26. Qe3 d4 27. Nxd4
cxd4 28. Qxd4 Nc6 29. Qc4+ Rf7 30. e5 Qb6+ 31. Kh2 Rd8 32. Rfd1 Nxe5 33.
Qe2 Bxg2 34. Qxg2 Nc6 0-1

[Event "IX EICC"]
[Site "Plovdiv BUL"]
[Date "2008.04.29"]
[Round "8"]
[White "Popov,Iv RUS"]
[Black "Papadopoulos,I"]
[Result "1-0"]
[WhiteElo "2594"]
[BlackElo "2471"]
[EventDate "2008.04.21"]

1. e4 c5 2. Nf3 d6 3. d4 cxd4 4. Nxd4 Nf6 5. Nc3 a6 6. f4 e5 7. Nf3 Nbd7 8.
Bc4 Be7 9. O-O O-O 10. a4 exf4 11. Bxf4 Nc5 12. Re1 Be6 13. Bxe6 fxe6 14.
Qd2 Qb6 15. a5 Qc7 16. Rad1 Rfd8 17. b4 Ncd7 18. Bxd6 Bxd6 19. Qxd6 Qxc3
20. Qxe6+ Kh8 21. e5 Nf8 22. Rxd8 Rxd8 23. Qe7 Rc8 24. exf6 Qxf6 25. Qxf6
gxf6 26. Re7 Rxc2 27. Rxb7 1-0

[Event "IX EICC"]
[Site "Plovdiv BUL"]
[Date "2008.04.29"]
[Round "8"]
[White "Jojua,D"]
[Black "Kurnosov,I"]
[Result "1/2-1/2"]
[WhiteElo "2463"]
[BlackElo "2593"]
[EventDate "2008.04.21"]

1. d4 Nf6 2. c4 g6 3. Nc3 d5 4. Bg5 Ne4 5. Bf4 Nxc3 6. bxc3 c5 7. e3 Bg7 8.
Nf3 Nc6 9. cxd5 Qxd5 10. Be2 cxd4 11. cxd4 O-O 12. O-O Bf5 13. Qa4 Rfc8 14.
Rfc1 a6 15. h3 Qd7 16. Qb3 b5 1/2-1/2

[Event "IX EICC"]
[Site "Plovdiv BUL"]
[Date "2008.04.29"]
[Round "8"]
[White "Predojevic,B"]
[Black "Dizdar,G"]
[Result "1-0"]
[WhiteElo "2651"]
[BlackElo "2548"]
[EventDate "2008.04.21"]

1. e4 e6 2. d4 d5 3. Nc3 Nf6 4. e5 Nfd7 5. f4 c5 6. Nf3 Nc6 7. Be3 a6 8.
Qd2 cxd4 9. Nxd4 Bc5 10. O-O-O O-O 11. Qf2 Bxd4 12. Bxd4 b5 13. Be3 b4 14.
Na4 a5 15. h4 Ba6 16. g4 Qb8 17. Kb1 Bxf1 18. Rhxf1 Na7 19. h5 Nb5 20. h6
g6 21. Ka1 f5 22. exf6 Nxf6 23. Qh4 d4 24. Bc1 Qc7 25. f5 Qxc2 26. fxe6
Rae8 27. Qg5 Nc7 28. Rxf6 Nxe6 29. Rxe6 Rxe6 30. Nc5 Qxd1 31. Nxe6 Rc8 32.
Nc5 Qh1 33. Kb1 Qc6 34. Qe5 Qc7 35. Qe6+ 1-0

[Event "IX EICC"]
[Site "Plovdiv BUL"]
[Date "2008.04.29"]
[Round "8"]
[White "Petrosian,TL"]
[Black "Jovanovic,Zo CRO"]
[Result "1-0"]
[WhiteElo "2616"]
[BlackElo "2546"]
[EventDate "2008.04.21"]

1. e4 d6 2. Nc3 Nf6 3. f4 d5 4. e5 d4 5. Nce2 Nd5 6. Nxd4 Nxf4 7. Ndf3 e6
8. d4 Ng6 9. h4 c5 10. h5 Ne7 11. c3 cxd4 12. cxd4 Nbc6 13. Bd3 Qa5+ 14.
Bd2 Qb6 15. Ne2 Bd7 16. a3 f6 17. b4 a6 18. Qb3 Nd5 19. Rc1 a5 20. b5 a4
21. Qc4 Nce7 22. g4 Qd8 23. O-O Nb6 24. Qc2 Rc8 25. Qb1 Rxc1 26. Bxc1 Ned5
27. Bxh7 Qc7 28. h6 Kd8 29. Ng5 fxg5 30. Bxg5+ Ne7 31. Rxf8+ Rxf8 32. hxg7
Re8 33. Bxe7+ Kxe7 34. Bg6 Qc4 35. Bxe8 Qxe2 36. g8=Q Qe3+ 37. Kg2 Qe2+ 38.
Kg3 Qe3+ 39. Kh4 Qf2+ 40. Kg5 Qe3+ 41. Kg6 Bxe8+ 42. Kg7 Nd5 43. Qf8+ Kd8
44. Qg6 1-0

[Event "IX EICC"]
[Site "Plovdiv BUL"]
[Date "2008.04.29"]
[Round "8"]
[White "Huzman,A"]
[Black "Wells,P"]
[Result "0-1"]
[WhiteElo "2602"]
[BlackElo "2521"]
[EventDate "2008.04.21"]

1. d4 Nf6 2. c4 e6 3. Nf3 d5 4. Nc3 dxc4 5. e4 Bb4 6. Bg5 c5 7. Bxc4 cxd4
8. Nxd4 Bxc3+ 9. bxc3 Qa5 10. Bb5+ Nbd7 11. Bxf6 Qxc3+ 12. Kf1 gxf6 13. h4
a6 14. Rh3 Qb4 15. Be2 O-O 16. Rb3 Qd6 17. Qd2 Kh8 18. Rg3 Rg8 19. Rxg8+
Kxg8 20. Rd1 Qh2 21. Nf3 Qh1+ 22. Ng1 Qxh4 23. Qc3 Kg7 24. Rd4 Ne5 25. g3
Qh1 26. g4 Nc6 27. Rd3 e5 28. Rh3 Qxe4 29. Bd3 Qd4 30. Rxh7+ Kg8 31. Qd2
Qf4 32. Qc2 Nd4 33. Qc7 Be6 34. Bg6 Rc8 0-1

[Event "IX EICC"]
[Site "Plovdiv BUL"]
[Date "2008.04.29"]
[Round "8"]
[White "Ter Sahakyan,S"]
[Black "Zelcic,R"]
[Result "1-0"]
[WhiteElo "2449"]
[BlackElo "2591"]
[EventDate "2008.04.21"]

1. e4 c6 2. d4 d5 3. Nd2 dxe4 4. Nxe4 Nd7 5. Ng5 Ngf6 6. Bd3 e6 7. Qe2 Bd6
8. N1f3 h6 9. Ne4 Nxe4 10. Qxe4 Nf6 11. Qe2 Qc7 12. O-O O-O 13. c4 b6 14.
b3 Bb7 15. Bb2 Rfe8 16. Rad1 Rad8 17. Ne5 c5 18. dxc5 Bxc5 19. Kh1 Rd6 20.
Ng4 Nxg4 21. Qxg4 f5 22. Qg3 Qf7 23. Be5 Rd7 24. Be2 Red8 25. Rxd7 Rxd7 26.
Rd1 Rxd1+ 27. Bxd1 Bf8 28. h4 Bc6 29. Kh2 Be8 30. Bf3 Qe7 31. Bb2 Qd8 32.
Kg1 Qd3 33. Qe5 Bf7 34. Qe1 Qd8 35. g3 Bd6 36. Kg2 Qc7 37. Qd2 Qe7 38. Qd3
Be8 39. a4 a5 40. Bd4 Bc5 41. Be5 Bd7 42. Ba8 Kh7 43. f4 Bc8 44. Qf3 Qd8
45. Kh3 Qd2 46. Qc3 Qd1 47. Bf3 Qd7 48. Kh2 Bb7 49. Bxb7 Qxb7 50. Qd3 h5
51. Qd1 Qf7 52. Bd4 Bxd4 53. Qxd4 Qc7 54. Kg2 Kg6 55. Kf2 Kf7 56. Kf3 Kg8
57. Ke3 Kh7 58. Kd3 Qc6 59. Qe3 Qd6+ 60. Kc2 Kg6 61. Kc3 Kf7 62. Qd4 Qc6
63. Qd3 Kg6 64. Qe3 Kh6 65. Kc2 Qg2+ 66. Kc3 Kh7 67. b4 Qa2 68. bxa5 Qa3+
69. Kd4 Qa1+ 70. Qc3 Qg1+ 71. Qe3 Qa1+ 72. Kd3 bxa5 73. Qxe6 Qd1+ 74. Kc3
Qc1+ 75. Kd4 Qd2+ 76. Kc5 Qb4+ 77. Kd5 Qxa4 78. Qxf5+ Kg8 79. c5 Qb3+ 80.
Kd6 Qb8+ 81. Kc6 Qa8+ 82. Kb6 a4 83. c6 Qb8+ 84. Kc5 Qa7+ 85. Kd6 Qa6 86.
Qd5+ Kf8 87. Kd7 a3 88. c7 a2 89. Qc5+ Kf7 90. Qe7+ Kg6 91. Qe8+ Kh7 92.
Qxh5+ Qh6 93. Qe5 Qf6 94. Qh5+ Qh6 95. Qd1 Qf6 96. c8=Q a1=Q 97. Qh5+ Qh6
98. Qc2+ 1-0

[Event "IX EICC"]
[Site "Plovdiv BUL"]
[Date "2008.04.29"]
[Round "8"]
[White "Aleksandrov,A"]
[Black "Szabo,G ROM"]
[Result "1-0"]
[WhiteElo "2582"]
[BlackElo "2516"]
[EventDate "2008.04.21"]

1. d4 e6 2. c4 b6 3. e4 Bb7 4. Nd2 Bb4 5. Qc2 Qh4 6. Bd3 Qg4 7. Kf1 f5 8.
h3 Qg6 9. Ngf3 Bxd2 10. exf5 Qh5 11. Nxd2 Nc6 12. Nb3 Nb4 13. Qe2 Qxe2+ 14.
Bxe2 Nc2 15. Rb1 Be4 16. Bh5+ g6 17. Bf3 Bd3+ 18. Kg1 O-O-O 19. Bg5 Nxd4
20. Nxd4 Bxb1 21. fxe6 Rf8 22. Kh2 h6 23. Bh4 Bxa2 24. Ra1 Rf4 25. e7 Nxe7
26. Bxe7 Rh7 27. Rxa2 Rxd4 28. Rxa7 c6 29. Bf8 h5 30. c5 Rb4 31. Bxc6 1-0

[Event "IX EICC"]
[Site "Plovdiv BUL"]
[Date "2008.04.29"]
[Round "8"]
[White "Spasov,V"]
[Black "Saric,Iv"]
[Result "1-0"]
[WhiteElo "2579"]
[BlackElo "2500"]
[EventDate "2008.04.21"]

1. e4 c5 2. Nf3 Nc6 3. d4 cxd4 4. Nxd4 Nf6 5. Nc3 e5 6. Ndb5 d6 7. Bg5 a6
8. Na3 b5 9. Nd5 Be7 10. Bxf6 Bxf6 11. c4 b4 12. Nc2 O-O 13. g3 Rb8 14. Bg2
b3 15. axb3 Rxb3 16. Ra2 a5 17. O-O Bg5 18. h4 Bh6 19. Nce3 Nd4 20. Nf5
Bxf5 21. exf5 Kh8 22. f6 gxf6 23. Qh5 Bg7 24. Bh3 Rg8 25. Rd1 f5 26. Bxf5
f6 27. Rxd4 exd4 28. Qd1 Rb7 29. Qxd4 Re8 30. Qc3 Re5 31. Bd3 Qe8 32. Rxa5
Re1+ 33. Kg2 Qe5 34. Qa3 Rxb2 35. Ra7 Kg8 36. Re7 Qd4 37. Qa8+ Bf8 38.
Bxh7+ 1-0

[Event "IX EICC"]
[Site "Plovdiv BUL"]
[Date "2008.04.29"]
[Round "8"]
[White "Dziuba,M"]
[Black "Berescu,A"]
[Result "1/2-1/2"]
[WhiteElo "2577"]
[BlackElo "2481"]
[EventDate "2008.04.21"]

1. d4 e6 2. c4 Nf6 3. Nf3 d5 4. g3 Bb4+ 5. Bd2 Bxd2+ 6. Nbxd2 c6 7. Bg2
Nbd7 8. O-O O-O 9. Qc2 b6 10. e4 Bb7 11. e5 Ne8 12. b4 a5 13. bxa5 Rxa5 14.
a4 c5 15. Nb3 Ra7 16. dxc5 bxc5 17. Rfe1 Qe7 18. cxd5 Bxd5 19. Nfd2 Nc7 20.
Nc4 Rb8 21. a5 Rb4 22. Nbd2 h6 23. Reb1 Rxb1+ 24. Rxb1 Qd8 25. Qc3 Bxg2 26.
Kxg2 Nd5 27. Qf3 Qc7 28. Re1 Nb4 29. Qe4 Qc6 30. Ra1 Qd5 31. f4 Nb8 32. Kh3
N8c6 33. Qe2 Nd4 34. Qg2 Ndc2 35. Rc1 Nd4 36. Qe4 Qxe4 37. Nxe4 Nb3 1/2-1/2

[Event "IX EICC"]
[Site "Plovdiv BUL"]
[Date "2008.04.29"]
[Round "8"]
[White "Maletin,P"]
[Black "Llaneza Vega,M"]
[Result "1-0"]
[WhiteElo "2574"]
[BlackElo "2425"]
[EventDate "2008.04.21"]

1. Nf3 c5 2. c4 Nc6 3. Nc3 Nd4 4. e3 Nxf3+ 5. Qxf3 g6 6. d4 Bg7 7. d5 Nf6
8. e4 d6 9. h3 O-O 10. Be2 e5 11. Bg5 h6 12. Bh4 g5 13. Bg3 Ne8 14. Bd3 Qf6
15. Qe2 Qg6 16. h4 Nf6 17. hxg5 hxg5 18. Nd1 Bg4 19. f3 Nh5 20. Qf2 Bd7 21.
Ne3 Nf4 22. Bc2 b5 23. cxb5 Rfb8 24. Bh2 Rxb5 25. b3 a5 26. g3 a4 27. gxf4
exf4 28. Nf5 Bxf5 29. exf5 Qh5 30. Rd1 axb3 31. axb3 Bc3+ 32. Kf1 Qh3+ 33.
Qg2 Qxg2+ 34. Kxg2 Ra2 35. Rc1 Rxb3 36. Kh3 Rbb2 37. Bb1 Ra3 38. Rhg1 Kf8
39. Be4 Bf6 40. Rb1 Rxb1 41. Rxb1 Ra2 42. Rb6 Ke7 43. Rb7+ Kf8 44. Bg1 Kg7
45. Rb6 Be5 46. f6+ Kh6 47. Rb7 g4+ 48. Kxg4 Rg2+ 49. Kh3 Rxg1 50. Rxf7 Rg8
51. Kh4 Rh8 52. Bf5 c4 53. Bc2 c3 54. Be4 Bd4 55. Kg4 Rg8+ 56. Kxf4 Be5+
57. Kf5 Re8 58. Rg7 Rc8 59. Rg4 1-0

[Event "IX EICC"]
[Site "Plovdiv BUL"]
[Date "2008.04.29"]
[Round "8"]
[White "Miton,K"]
[Black "Stanojoski,Z"]
[Result "1-0"]
[WhiteElo "2620"]
[BlackElo "2506"]
[EventDate "2008.04.21"]

1. d4 Nf6 2. Nf3 c5 3. c4 cxd4 4. Nxd4 g6 5. Nc3 Bg7 6. e4 Nc6 7. Be3 O-O
8. Be2 d6 9. O-O Bd7 10. Qd2 a5 11. f3 a4 12. Nc2 Qa5 13. Rab1 Rfc8 14.
Rfc1 Ne5 15. b4 axb3 16. axb3 h5 17. h3 Kh7 18. f4 Nc6 19. Bf3 Be6 20. b4
Qd8 21. Nd5 Bxd5 22. exd5 Nb8 23. Nd4 Nbd7 24. Nb3 Nb6 25. Na5 Rxa5 26.
bxa5 Nxc4 27. Qe1 Nd7 28. Bf2 Bf6 29. Qb4 b5 30. Qxb5 Nd2 31. Rxc8 Qxc8 32.
Qc6 Qh8 33. Rd1 Nxf3+ 34. gxf3 Nc5 35. Qb5 Qc8 36. Kg2 Qf5 37. Qc4 e5 38.
Bxc5 dxc5 39. Qe4 1-0

[Event "IX EICC"]
[Site "Plovdiv BUL"]
[Date "2008.04.29"]
[Round "8"]
[White "Pelletier,Y"]
[Black "Mateuta,G"]
[Result "1/2-1/2"]
[WhiteElo "2607"]
[BlackElo "2504"]
[EventDate "2008.04.21"]

1. d4 e6 2. e4 d5 3. Nc3 Nf6 4. e5 Nfd7 5. f4 c5 6. Nf3 Nc6 7. Be3 Be7 8.
Qd2 Rb8 9. Be2 O-O 10. O-O Qa5 11. a3 cxd4 12. Nxd4 Nxd4 13. Bxd4 Bc5 14.
b4 Bxd4+ 15. Qxd4 Qb6 16. Qxb6 Nxb6 17. a4 Bd7 18. a5 Nc8 19. b5 Ne7 20.
Bd3 f6 21. Ne2 fxe5 22. fxe5 Ng6 23. Bxg6 hxg6 24. Rxf8+ Kxf8 25. Nd4 Rc8
26. a6 b6 27. Ra4 Ke7 28. Kf2 Rh8 29. c4 Rxh2 30. cxd5 exd5 31. e6 Bxe6 32.
Nc6+ Kd6 33. Nxa7 Bd7 34. Ra3 Rh8 35. Rc3 Ra8 36. Nc6 Rc8 37. a7 Ra8 38.
Ke3 g5 39. Kd4 g4 40. g3 Be8 41. Rc1 Bd7 42. Rc3 Be8 1/2-1/2

[Event "IX EICC"]
[Site "Plovdiv BUL"]
[Date "2008.04.29"]
[Round "8"]
[White "Sulashvili,M"]
[Black "Kuzubov,Y"]
[Result "1/2-1/2"]
[WhiteElo "2491"]
[BlackElo "2603"]
[EventDate "2008.04.21"]

1. d4 Nf6 2. Nf3 g6 3. c4 Bg7 4. g3 d5 5. cxd5 Nxd5 6. Bg2 Nb6 7. O-O Nc6
8. Nc3 O-O 9. d5 Na5 10. Qc2 c6 11. dxc6 Nxc6 12. Rd1 Qe8 13. Qe4 Bf5 14.
Qh4 Bc2 15. Rd2 Bf5 16. Rd1 Bc2 1/2-1/2